Catálogo Biblioteca Central

Local y sostenible (Registro nro. 73445)

Detalles MARC
000 -CABECERA
campo de control de longitud fija 00953nam a2200349 i 4500
001 - NÚMERO DE CONTROL
campo de control 73445
003 - IDENTIFICADOR DEL NÚMERO DE CONTROL
campo de control ES-MaBCM
005 - FECHA Y HORA DE LA ÚLTIMA TRANSACCIÓN
campo de control 20241016120052.0
008 - CÓDIGOS DE INFORMACIÓN DE LONGITUD FIJA
campo de control de longitud fija 010507s2000 esp 000 0 spa d
017 ## - NÚMERO DE COPYRIGHT O DE DEPÓSITO LEGAL
Depósito legal B.42021-2000
020 ## - NÚMERO INTERNACIONAL NORMALIZADO PARA LIBROS(ISBN)
Número Internacional Normalizado para Libros (ISBN) 84-7426-490-1
021 ## -
-- xx
035 ## - NÚMERO DE CONTROL DEL SISTEMA
Número de control de sistema (OCoLC)1010717402
040 ## - FUENTE DE LA CATALOGACIÓN
Centro transcriptor ES-MaBCM
041 0# - CÓDIGO DE LENGUA
Código de lengua del texto/banda sonora o título independiente spa
043 ## - CÓDIGO DE ÁREA GEOGRÁFICA
Código de área geográfica esp
080 ## - NÚMERO DE LA CLASIFICACIÓN DECIMAL UNIVERSAL
Número de la Clasificación Decimal Universal 502.34:352(4)
080 ## - NÚMERO DE LA CLASIFICACIÓN DECIMAL UNIVERSAL
Número de la Clasificación Decimal Universal 502.34:352(460)
080 ## - NÚMERO DE LA CLASIFICACIÓN DECIMAL UNIVERSAL
Número de la Clasificación Decimal Universal 352(4):502.34
080 ## - NÚMERO DE LA CLASIFICACIÓN DECIMAL UNIVERSAL
Número de la Clasificación Decimal Universal 352(460):502.34
245 00 - MENCIÓN DE TÍTULO
Título Local y sostenible
Resto del título : la agenda 21 local en España
Mención de responsabilidad etc. Nuria Font y Joan Subirats (eds.)
260 ## - PUBLICACIÓN, DISTRIBUCIÓN, ETC. (PIE DE IMPRENTA)
Lugar de publicación distribución etc. Barcelona :
Nombre del editor distribuidor etc. Icaria,
Fecha de publicación distribución etc. 2000
300 ## - DESCRIPCIÓN FÍSICA
Extensión 279 p.
Dimensiones 22 cm
440 #0 - MENCIÓN DE SERIE/PUNTO DE ACCESO ADICIONAL--TÍTULO
Título Ecología humana
RLIN 101207
650 27 - PUNTO DE ACCESO ADICIONAL DE MATERIA--TÉRMINO DE MATERIA
Término de materia o nombre geográfico como elemento inicial Política del medio ambiente
9 (RLIN) 59823
650 27 - PUNTO DE ACCESO ADICIONAL DE MATERIA--TÉRMINO DE MATERIA
Término de materia o nombre geográfico como elemento inicial Administración local
9 (RLIN) 57456
651 24 - PUNTO DE ACCESO ADICIONAL DE MATERIA--NOMBRE GEOGRÁFICO
Nombre geográfico Europa
9 (RLIN) 115402
651 24 - PUNTO DE ACCESO ADICIONAL DE MATERIA--NOMBRE GEOGRÁFICO
Nombre geográfico España
9 (RLIN) 115342
700 1# - PUNTO DE ACCESO ADICIONAL--NOMBRE DE PERSONA
Nombre de persona Font, Nuria
9 (RLIN) 16222
700 1# - PUNTO DE ACCESO ADICIONAL--NOMBRE DE PERSONA
Nombre de persona Subirats, Joan
9 (RLIN) 45402
942 ## - ELEMENTOS DE PUNTO DE ACCESO ADICIONAL (KOHA)
Tipo de ítem Koha Libros
Existencias
Estado de retiro Estado de pérdida Fuente del sistema de clasificación o colocación Estado dañado No para préstamo Localización permanente Ubicación/localización actual Ubicación en estantería Fecha de adquisición Fuente de adquisición Número de inventario Número de registro Signatura topográfica completa Código de barras Precio válido a partir de Tipo de ítem Koha
          Biblioteca Central del Ministerio de la Presidencia Biblioteca Central del Ministerio de la Presidencia Sala 07/05/2001 Compra 54964 54964 41520 1005469 07/05/2001 Libros